header

Mwisho wa Kosa (Record no. 251130)

MARC details
000 -LEADER
fixed length control field 00445nam a22001817a 4500
003 - CONTROL NUMBER IDENTIFIER
control field OSt
005 - DATE AND TIME OF LATEST TRANSACTION
control field 20240820085501.0
008 - FIXED-LENGTH DATA ELEMENTS--GENERAL INFORMATION
fixed length control field 240820b xxu||||| |||| 00| 0 eng d
020 ## - INTERNATIONAL STANDARD BOOK NUMBER
International Standard Book Number 996649720X
040 ## - CATALOGING SOURCE
Transcribing agency RU
050 ## - LIBRARY OF CONGRESS CALL NUMBER
Classification number PL 8704
100 ## - MAIN ENTRY--PERSONAL NAME
Personal name Burhani, Z
245 ## - TITLE STATEMENT
Title Mwisho wa Kosa
260 ## - PUBLICATION, DISTRIBUTION, ETC. (IMPRINT)
Place of publication, distribution, etc Nairobi
Name of publisher, distributor, etc Longhorn Publishers
Date of publication, distribution, etc 2020
300 ## - PHYSICAL DESCRIPTION
Extent 269p.
362 ## - DATES OF PUBLICATION AND/OR SEQUENTIAL DESIGNATION
Dates of publication and/or sequential designation 2020
942 ## - ADDED ENTRY ELEMENTS (KOHA)
Koha item type Long Loan Books
Source of classification or shelving scheme Library of Congress Classification
Classification part PL 8704
Item part .M85B8 2020
Holdings
Withdrawn status Lost status Source of classification or shelving scheme Damaged status Not for loan Collection code Home library Current library Shelving location Date acquired Total Checkouts Full call number Barcode Date last seen Date checked out Price effective from Koha item type Checked out Total Renewals
    Library of Congress Classification     Fiction Rongo University Library Rongo University Library General Stacks 10/11/2015 14 PL 8704 .M85B8 2020 20089326 25/11/2025 18/11/2025 10/11/2015 Long Loan Books    
    Library of Congress Classification     Fiction Rongo University Library Rongo University Library General Stacks 20/08/2024   PL 8704 .M85B8 2020 202401119 25/11/2025   20/08/2024 Long Loan Books    
    Library of Congress Classification     Fiction Rongo University Library Rongo University Library General Stacks 20/08/2024 6 PL 8704 .M85B8 2020 202401120 06/03/2026 03/03/2026 20/08/2024 Long Loan Books    
    Library of Congress Classification     Fiction Rongo University Library Rongo University Library General Stacks 20/08/2024 4 PL 8704 .M85B8 2020 202401121 23/01/2025 23/01/2025 20/08/2024 Long Loan Books 05/02/2025  
    Library of Congress Classification     Fiction Rongo University Library Rongo University Library General Stacks 20/08/2024 5 PL 8704 .M85B8 2020 202401122 27/02/2026 13/02/2026 20/08/2024 Long Loan Books   1

© 2026 Rongo University
Contact us: librarian | system librarian | Rongo university